| 000 | 00594nam a22001817a 4500 | ||
|---|---|---|---|
| 008 | 230525b |||||||| |||| 00| 0 eng d | ||
| 020 | _a8185097410 | ||
| 040 |
_aNational Science Library _cNational Science Library |
||
| 080 |
_a57.063.6(082.2) _bN6 |
||
| 245 |
_aTribal development: _bOptions _c/ Proceedings of a National Seminar, May 22-24, 1996 |
||
| 260 |
_aNainital: _bGyanodaya Prakashan, _c1996 |
||
| 300 | _axv, 568p. | ||
| 650 | _aHimalaya Mountains Region | ||
| 653 | _aScheduled tribes in India | ||
| 653 | _aEthnology | ||
| 700 | _aSamal, Prasana K (Ed.) | ||
| 942 |
_2udc _cPR |
||
| 999 |
_c34921 _d34921 |
||